Statistics for Countries with the Most Christians

Click here to take the quiz!

General Stats

  • This quiz has been taken 33 times
  • The average score is 18 of 20

Answer Stats

Population (2023)Country% Correct
180,770,000Brazil
97%
67,070,000China
97%
55,832,000Germany
97%
119,959,000Mexico
97%
105,220,000Russia
97%
45,030,000United Kingdom
97%
246,790,000United States
97%
39,560,000France
94%
53,230,000Italy
94%
41,973,000Argentina
90%
44,861,000Colombia
90%
49,170,000South Africa
90%
80,790,000Ethiopia
87%
40,668,000Kenya
87%
90,510,000Nigeria
87%
38,568,000Spain
87%
36,625,000Poland
84%
78,400,000D. R. Congo
81%
86,790,000Philippines
74%
43,090,000Uganda
58%

Score Distribution

Percentile by Number Answered

Percent of People with Each Score

Your Score History

You have not taken this quiz